000 00601nam a2200241Ia 4500
003 OSt
005 20220925203054.0
006 a|||||r|||| 00| 0
007 ta
008 220923b |||||||| |||| 00| 0 eng d
020 _a0706917510
037 _cGeneral Book
040 _aRTL
_cRTL
_beng
041 _2eng
_aeng
082 _a2k, M2
100 _aKrishan Kumar
245 0 _aLibrary manual
260 _aDelhi
_bVikas India
_c1982
300 _axii,386p.
_ccm.
650 _aLibrary Science
942 _h2k, M2
_cGB
_2CC
999 _c545097
_d545097